000 00835nam a2200253Ia 4500
003 GCL
008 140319s9999 xx 000 0 ara d
020 _a8555810977
040 _aGCL /
_cGCL
082 0 4 _a189.1
_bز ف
100 1 _aزينب عفيفى
245 1 0 _aفلسفة اللغة عند الفارابى /
_cزينب عفيفى
700 1 _aعاطف العراقى
250 _aالاولى
260 _aالقاهرة :
_bدار قباء للطباعة والنشر والتوزيع ،
_c1997
300 _a230 ص ؛
_c25 سم
650 0 4 _aالفلسفة الاسلامية
650 0 4 _aالحركات الفكرية عند المسلمين
650 0 4 _aالفلاسفة المسلمون
650 0 4 _aالفارابى
650 0 4 _aاللغة - فلسفة
650 0 4 _aابونصر
942 _2ddc
_cBK
999 _c5011
_d5011